<?xml version="1.0" encoding="UTF-8"?>
<collection xmlns="http://www.loc.gov/MARC21/slim">
    <record>
        <controlfield tag="001">61039</controlfield>
        <controlfield tag="005">20170510132214.0</controlfield>
        <datafield tag="037" ind1=" " ind2=" ">
            <subfield code="a">TAZ-TFG-2017-206</subfield>
        </datafield>
        <datafield tag="041" ind1=" " ind2=" ">
            <subfield code="a">spa</subfield>
        </datafield>
        <datafield tag="100" ind1="1" ind2=" ">
            <subfield code="a">Dumitru, Madalina</subfield>
        </datafield>
        <datafield tag="242" ind1="0" ind2="0">
            <subfield code="a">The phenomenon of online collective shoppings throught discount coupons.</subfield>
        </datafield>
        <datafield tag="245" ind1="0" ind2="0">
            <subfield code="a">El fenómeno de las compras colectivas online mediante cupones descuento.</subfield>
        </datafield>
        <datafield tag="260" ind1=" " ind2=" ">
            <subfield code="a">Zaragoza</subfield>
            <subfield code="b">Universidad de Zaragoza</subfield>
            <subfield code="c">2017</subfield>
        </datafield>
        <datafield tag="506" ind1=" " ind2=" ">
            <subfield code="a">by-nc-sa</subfield>
            <subfield code="b">Creative Commons</subfield>
            <subfield code="c">3.0</subfield>
            <subfield code="u">http://creativecommons.org/licenses/by-nc-sa/3.0/</subfield>
        </datafield>
        <datafield tag="520" ind1=" " ind2=" ">
            <subfield code="a">Actualmente, son muchas las páginas web de compra colectiva que ofrecen cupones de descuentos. Las más destacables y quizás las webs pioneras en el sector online han sido Groupon, Groupalia o Let’s Bonus. Por ello este Trabajo Fin de Grado tiene como objetivo general conocer un poco más el fenómeno de las compras colectivas online mediante los cupones descuento. Para alcanzar los objetivos se ha realizado una encuesta que ha permitido conocer el perfil demográfico y psicográfico de aquellos que compran en estas webs, el comportamiento de compra, opiniones sobre las páginas web o los newsletters, así como las motivaciones que les llevan a comprar o no. Adicionalmente, se ha llevado a cabo una observación, concretamente un análisis de contenido, tanto de los newsletters recibidos, para poder ahondar más en el tipo de ofertas que envían, los descuentos e incluso cuantas ofertas nos llegan por parte de las webs, así como de las webs, para ver cómo ofrecen sus productos y/o servicios, así como posibles elementos diferenciadores entre alguno de los criterios heurísticos más habituales. Tras analizar la información se pudo comprobar que este nuevo fenómeno parece venir para quedarse, con ofertas de escándalo e infinidad de productos y servicios al alcance del consumidor final.</subfield>
        </datafield>
        <datafield tag="521" ind1=" " ind2=" ">
            <subfield code="a">Graduado en Marketing e Investigación de Mercados</subfield>
        </datafield>
        <datafield tag="540" ind1=" " ind2=" ">
            <subfield code="a">Derechos regulados por licencia Creative Commons</subfield>
        </datafield>
        <datafield tag="700" ind1=" " ind2=" ">
            <subfield code="a">Buil Carrasco, Isabel</subfield>
            <subfield code="e">dir.</subfield>
        </datafield>
        <datafield tag="710" ind1="2" ind2=" ">
            <subfield code="a">Universidad de Zaragoza</subfield>
            <subfield code="b">Dirección de Márketing e Investigación de Mercados</subfield>
            <subfield code="c"></subfield>
        </datafield>
        <datafield tag="856" ind1="0" ind2=" ">
            <subfield code="f">630818@celes.unizar.es</subfield>
        </datafield>
        <datafield tag="856" ind1="4" ind2=" ">
            <subfield code="s">1016003</subfield>
            <subfield code="u">http://zaguan.unizar.es/record/61039/files/TAZ-TFG-2017-206_ANE.pdf</subfield>
            <subfield code="y">Anexos (spa)</subfield>
        </datafield>
        <datafield tag="856" ind1="4" ind2=" ">
            <subfield code="s">913733</subfield>
            <subfield code="u">http://zaguan.unizar.es/record/61039/files/TAZ-TFG-2017-206.pdf</subfield>
            <subfield code="y">Memoria (spa)</subfield>
        </datafield>
        <datafield tag="909" ind1="C" ind2="O">
            <subfield code="o">oai:zaguan.unizar.es:61039</subfield>
            <subfield code="p">driver</subfield>
            <subfield code="p">trabajos-fin-grado</subfield>
        </datafield>
        <datafield tag="950" ind1=" " ind2=" ">
            <subfield code="a"></subfield>
        </datafield>
        <datafield tag="951" ind1=" " ind2=" ">
            <subfield code="a">deposita:2017-05-10</subfield>
        </datafield>
        <datafield tag="980" ind1=" " ind2=" ">
            <subfield code="a">TAZ</subfield>
            <subfield code="b">TFG</subfield>
            <subfield code="c">ECON</subfield>
        </datafield>
    </record>

    
</collection>